O verdadeiro contribuinte dos impostos indiretos / (Record no. 1135)

MARC details
000 -LÍDER
Campo Fixo de Controle 00720nam a2200253 a 4500
001 - NÚMERO DE CONTROLE
Campo de Controle 1135
003 - IDENTIFICAÇÃO DO NÚMERO DE CONTROLE
Campo de Controle BR-CuiBMT
005 - DATA E HORA DA ÚLTIMA ATUALIZAÇÃO
Campo de Controle 20231129195430.0
008 - DADOS FIXOS
Dados Fixos 231129s2005 mtba 000 0 por d
020 ## - INTERNATIONAL STANDARD BOOK NUMBER
Nº do ISBN 8589898334
040 ## - AGÊNCIA CATALOGADORA
Código da Agência Catalogadora BR-CuiBMT
Agência que transcreveu o registro BR-CuiBMT
080 ## - Nº DA CLASSIFICAÇÃO DECIMAL UNIVERSAL
Nº edição CDU 2007
Nº Class. CDU 34:336.2
090 ## - NÚMERO DE CHAMADA
Nº classificação 34:336.2
Cutter R488v
100 1# - ENTRADA PRINCIPAL -- AUTOR PESSOAL
Nome pessoal Ricas, Roseli Raquel
245 #2 - TÍTULO PRINCIPAL
Título principal O verdadeiro contribuinte dos impostos indiretos /
Indicação de responsabilidade Roseli Raquel Ricas.
260 ## - PUBLICAÇÃO, DISTRIBUIÇÃO, ETC.
Local de publicação Cáceres :
Editora Unemat,
Data 2005.
300 ## - DESCRIÇÃO FÍSICA
N. páginas ou volumes 157 p.:
Ilustrações il.
Dimensões 20 cm
504 ## - NOTA DE BIBLIOGRAFIA, ETC.
Nota de bibliografia Inclui bibliografia.
650 ## - ASSUNTO TÓPICO
Cabeçalho tópico ou nome geográfico Legislação tributária
Subdivisão geográfica Brasil
650 ## - ASSUNTO TÓPICO
Cabeçalho tópico ou nome geográfico Tributos
Subdivisão geográfica Brasil
650 ## - ASSUNTO TÓPICO
Cabeçalho tópico ou nome geográfico Impostos
Subdivisão geográfica Brasil
650 ## - ASSUNTO TÓPICO
Cabeçalho tópico ou nome geográfico Direito tributário
942 ## - ELEMENTOS DE ENTRADA ADICIONAIS (KOHA)
Fonte de classificação ou esquema de arquivamento Classificação Decimal Universal
Tipo de item do Koha Livros
Holdings
Estado: removido Estado: perdido Fonte de classificação ou esquema de arquivamento Estado: danificado Indisponível para empréstimo Localização permanente Localização atual Data de aquisição Total Checkouts Número de Chamada completo Código de barras Date last seen Número do exemplar Preço efetivo a partir de Tipo de item (Koha)
    Classificação Decimal Universal     Biblioteca da Escola Superior de Contas do TCE/MT Biblioteca da Escola Superior de Contas do TCE/MT 29/11/2023   34:336.2 R488v BIBTCEMT23111323 29/11/2023 Ex. 1 29/11/2023 Livros

Powered by Koha